000
00278nam a2200109Ia 4500
008
201231s9999 xx 000 0 und d
100
_a
Wright, C.H.
245
0
_a
Survival at sea;The lifeboat and liferaft
260
_a
Glasgow
_b
Brown,Son & Ferguson
300
_a
363
942
_c
BK
999
_c
9717
_d
9717